header

The role of institutional quality in a currency crisis model (Record no. 69683)

MARC details
000 -LEADER
fixed length control field 01401nam a2200325 a 4500
100 1# - MAIN ENTRY--AUTHOR NAME
Personal name Wu, Yi.
245 14 - TITLE STATEMENT
Title The role of institutional quality in a currency crisis model
260 ## - PUBLICATION, DISTRIBUTION, ETC. (IMPRINT)
Place of publication Washington, D.C. :
Name of publisher International Monetary Fund, Policy Development and Review Dept.,
Year of publication 2008.
300 ## - PHYSICAL DESCRIPTION
Number of Pages 16 p. :
Other physical details ill.
490 1# - SERIES STATEMENT
Series statement IMF working paper ;
500 ## - GENERAL NOTE
General note "January 2008."
650 #0 - SUBJECT ADDED ENTRY--TOPICAL TERM
Topical Term Currency crises
Topical Term Financial institutions
Topical Term Tax collection
856 40 - ELECTRONIC LOCATION AND ACCESS
Uniform Resource Identifier http://site.ebrary.com/lib/rucke/Doc?id=10302902

No items available.

© 2026 Rongo University
Contact us: librarian | system librarian | Rongo university